[Event "RUS-chT blitz (Women)"]
[Site "Sochi"]
[Date "2018.10.10"]
[Round "10.1"]
[White "Sarvarova, Alisa"]
[Black "Kovanova, Baira"]
[Result "0-1"]
[WhiteElo "1216"]
[BlackElo "2350"]
[PlyCount "74"]
[EventDate "2018.10.10"]
[EventType "team-swiss (blitz)"]
[EventRounds "13"]
[EventCountry "RUS"]
[SourceTitle "CBM 186 Extra"]
[Source "ChessBase"]
[SourceDate "2018.08.24"]
[SourceVersion "1"]
[SourceVersionDate "2018.08.24"]
[SourceQuality "1"]
[WhiteTeam "Tatarstan Nab Chelny (W)"]
[BlackTeam "Yugra (W)"]
[WhiteTeamCountry "RUS"]
[BlackTeamCountry "RUS"]

1. e4 d6 2. d4 g6 3. Nf3 Bg7 4. Nc3 c6 5. Be3 b5 6. Bd3 Bb7 7. 0-0 Nf6 8. Qd2 0-0 9. Bh6 Nbd7 10. Bxg7 Kxg7 11. e5 Ng8 12. exd6 exd6 13. Rfe1 a6 14. Ne4 Ndf6 15. Qf4 Nxe4 16. Bxe4 Nf6 17. Qh4 h6 18. Rad1 Re8 19. Bd3 c5 20. c3 Bxf3 21. gxf3 c4 22. Be4 d5 23. Bc2 Qd6 24. Kh1 Rxe1+ 25. Rxe1 Re8 26. Rg1 Re2 27. Bb1 Rxb2 28. Qh3 b4 29. cxb4 Qxb4 30. Qg3 Rxb1 31. h4 c3 32. f4 c2 33. f5 Rxg1+ 34. Kxg1 c1Q+ 35. Kg2 Qxd4 36. fxg6 Qe4+ 37. Kh2 Qch1# 0-1